Loading...
Nuclear power stations
| Main Author: | |
|---|---|
| Format: | Printed Book |
| Published: |
Mir Publishers, Moscow
1978
|
| Series: | DMC-137
|
| Subjects: |
| LEADER | 00510nam a2200193 4500 | ||
|---|---|---|---|
| 020 | |||
| 082 | |a 541.38 MAR-N | ||
| 100 | |a Margulova, T | ||
| 245 | |a Nuclear power stations | ||
| 250 | |||
| 260 | |a Mir Publishers, Moscow |c 1978 | ||
| 300 | |a 432 | ||
| 490 | |a DMC-137 | ||
| 500 | |||
| 590 | |a Priya |b 2011-03-18 12:34:32 | ||
| 650 | |a Nuclear chemistry | ||
| 942 | |c BK | ||
| 999 | |c 97870 |d 97870 | ||
| 952 | |0 0 |1 0 |4 0 |6 541_380000000000000_MARN |7 0 |9 111338 |a AQU |b AQU |l 0 |o 541.38 MAR-N |p AQU04362 |r 2019-09-25 |w 2019-09-25 |y BK | ||